Magic Eye Puzzles - Statistics

General Stats
  • This quiz has been taken 2,107 times
  • The average score is 5 of 6
Answer Stats
Picture Hint Answer % Correct
What animal? Shark
96%
What shape? Heart
91%
What symbol? Pi
80%
What word? 3D with Ripple Effect
79%
What name? Leyla
73%
What animal? Ant
67%
No matching quizzes found
Score Distribution
Percent of People with Each Score
Percentile by Number Answered
Your Score History
You have not taken this quiz